Pasantía de auxiliar de administración en las áreas de logística, suministros, inventarios y apoyo en la gestión de certificación de calidad turística en Hotel La Palma Chalatenango (Registro nro. 34745)

Detalles MARC
000 -CABECERA
Longitud fija campo de control 01032nam a22002057a 4500
003 - IDENTIFICADOR DELl NÚMERO DE CONTROL
Identificador del número de control OSt
005 - FECHA Y HORA DE LA ÚLTIMA TRANSACCIÓN
Fecha y hora de la última transacción 20240701204650.0
008 - CÓDIGOS DE INFORMACIÓN DE LONGITUD FIJA
Códigos de información de longitud fija 150408b xxu||||| |||| 00| 0 eng d
040 ## - FUENTE DE LA CATALOGACIÓN
Centro transcriptor BMC
Centro catalogador de origen BMC
082 ## - NÚMERO DE LA CLASIFICACIÓN DECIMAL DEWEY
Númeroo de clasificación 658.8068
100 1# - PUNTO DE ACCESO PRINCIPAL-NOMBRE DE PERSONA
9 (RLIN) 48244
Nombre de persona Trujillo Sandoval, Omel Arnoldo
245 10 - MENCIÓN DE TÍTULO
Título Pasantía de auxiliar de administración en las áreas de logística, suministros, inventarios y apoyo en la gestión de certificación de calidad turística en Hotel La Palma Chalatenango
Mención de responsabilidad, etc. Omel Arnoldo Trujillo Sandoval
260 ## - PUBLICACIÓN, DISTRIBUCIÓN, ETC. (PIE DE IMPRENTA)
Lugar de publicación, distribución, etc. Santa Ana (El Salvador)
Nombre del editor, distribuidor, etc. Universidad Católica de El Salvador
Fecha de publicación, distribución, etc. 2024
300 ## - DESCRIPCIÓN FÍSICA
Extensión 1 v. (pág. var.)
Dimensiones 28 cm
Material anejo + 1 disco compacto
500 ## - NOTA GENERAL
Nota general Precede al tít.: Universidad Católica de El Salvador, Facultad de Ciencias Empresariales
502 ## - NOTA DE TESIS
Nota de tesis Trabajo de graduación para optar al grado académico de Licenciatura en Gestión y Desarrollo Turistico
650 24 - PUNTO DE ACCESO ADICIONAL DE MATERIA - TÉRMINO DE MATERIA
9 (RLIN) 8652
Término de materia o nombre geográfico como elemento inicial Gestión de marketing
710 2# - PUNTO DE ACCESO ADICIONAL - NOMBRE DE ENTIDAD
9 (RLIN) 1067
Nombre de entidad o nombre de jurisdicción como elemento inicial Universidad Católica de El Salvador
Unidad subordinada Facultad de Ciencias Empresariales
942 ## - ENTRADA DE ELEMENTOS AGREGADOS (KOHA)
Fuente de clasificaión o esquema Dewey Decimal Classification
Koha [por defecto] tipo de item 4- Trabajo de Graduación
Existencias
Suprimido Perdido Fuente de clasificación o esquema Estropeado Restricciones de uso No para préstamo Código de colección Localización permanente Localización actual Localización en estanter&íacute;as Fecha adquisición Fuente de adquisición Número de inventario Préstamos totales Signatura completa Código de barras Fecha última consulta Fecha del precio de reemplazo Tipo de item de Koha
NULL NULL Dewey Decimal Classification NULL Prestable NULL NULL Biblioteca Miguel de Cervantes - UNICAES Biblioteca Miguel de Cervantes - UNICAES Sala Principal 07/03/2024 Donación - Omel Arnoldo Trujillo Sandoval 005916   P-005916 1051775 24/04/2024 24/04/2024 4- Trabajo de Graduación